Mine Economics (Record no. 5748)

MARC details
000 -LEADER
fixed length control field 00318nam a22001457a 4500
005 - DATE AND TIME OF LATEST TRANSACTION
control field 20181006121229.0
008 - FIXED-LENGTH DATA ELEMENTS--GENERAL INFORMATION
fixed length control field 181006b xxu||||| |||| 00| 0 eng d
041 ## - LANGUAGE CODE
Language code of text/sound track or separate title eng
100 ## - MAIN ENTRY--AUTHOR NAME
Personal name Kumar,Arvind
245 ## - TITLE STATEMENT
Title Mine Economics
250 ## - EDITION STATEMENT
Edition statement 4th
260 ## - PUBLICATION, DISTRIBUTION, ETC. (IMPRINT)
Place of publication Nagpur
Year of publication 1989
650 ## - SUBJECT ADDED ENTRY--TOPICAL TERM
Topical Term Mining
942 ## - ADDED ENTRY ELEMENTS (KOHA)
Koha item type Books
Holdings
Lost status Damaged status Collection code Home library Current library Shelving location Date acquired Source of acquisition Cost, normal purchase price Accession Number Koha item type Full call number
    MINING JRU Library JRU Library SHELF-94-D 06/10/2018 Purchase 150.00 22455 Books  
    Reference JRU Library JRU Library SHELF-6-D 06/10/2018 Purchase 150.00 22456 Books 622
    MINING JRU Library JRU Library SHELF-94-D 06/10/2018 Purchase 150.00 22457 Books  
    MINING JRU Library JRU Library SHELF-94-D 06/10/2018 Purchase 150.00 22458 Books  
    MINING JRU Library JRU Library SHELF-94-D 06/10/2018 Purchase 150.00 22459 Books